| 000 | 00382nam a22001577a 4500 | ||
|---|---|---|---|
| 003 | MPLRDC | ||
| 005 | 20220104180432.0 | ||
| 008 | 210129b ||||| |||| 00| 0 eng d | ||
| 082 | _a868.7 STU | ||
| 100 | _aMARIE STUART | ||
| 245 |
_aALI BABA DENGAN EMPAT PULUH ORANG PENYAMUN _c |
||
| 260 |
_a _bFEDERAL PUBLICATIONS _c |
||
| 300 | _b精 | ||
| 650 | _a | ||
| 942 |
_cBK _o868.7 STU |
||
| 999 |
_c60919 _d60909 |
||